Statistiques concernant La Bible - Les auteurs des livres

Cliquez ici pour prendre le quiz!

Statistiques générales

  • Ce quiz a été pris 42 fois
  • Le résultat moyen est 7 sur 12

Statistiques - réponses

LivreAuteur(s)% Correct
Pentateuque/TorahMoïse
86%
ApocalypseJean
86%
PsaumesLa plupart par David
76%
13 des épîtresPaul
70%
Juges, Ruth, 1-2 SamuelSamuel, Nathan, Gad
68%
Proverbes, Ecclésiaste, Cantique des CantiquesSalomon
68%
JobInconnu (Job ou Moïse ?)
65%
ActesLuc
59%
HébreuxInconnu (Barnabas ou Apollos ?)
59%
1-2 Chroniques, EsdrasEsdras
41%
EstherInconnu (Mardochée ?)
27%
1-2 RoisInconnu (Jérémie ?)
24%

Distribution des résultats

Percentile par nombre de réponses

% des personnes avec chaque résultat

Votre développement - résultats

Vous n’avez pas pris ce quiz